| 000 | 00454nam a2200193Ia 4500 | ||
|---|---|---|---|
| 005 | 20240823050942.0 | ||
| 008 | 240823s9999||||xx |||||||||||||| ||und|| | ||
| 020 | _a0-7484-0415-5 | ||
| 041 | _aENGLISH | ||
| 082 | _A634.98 P4 | ||
| 100 | _aAlan Bruce | ||
| 245 | 0 | _aForest Products Biotechnology | |
| 250 | _a1st | ||
| 260 |
_c2004 _bTaylor & Fr |
||
| 500 | _aYES | ||
| 650 |
_aBiotechnology _bBio Medical Engg. |
||
| 942 | _cBK | ||
| 999 |
_c218435 _d218435 |
||